The Trouble with Africa: Why Foreign Aid isn't Working (Record no. 4237)

MARC details
000 -LEADER
fixed length control field 00408nam a22001457a 4500
008 - FIXED-LENGTH DATA ELEMENTS--GENERAL INFORMATION
fixed length control field 250709b |||||||| |||| 00| 0 eng d
020 ## - INTERNATIONAL STANDARD BOOK NUMBER
ISBN 9780300125122
100 ## - MAIN ENTRY--AUTHOR
Author Caldeiisi Robert
245 ## - TITLE STATEMENT
Title The Trouble with Africa: Why Foreign Aid isn't Working
260 ## - PUBLICATION, DISTRIBUTION, ETC. (IMPRINT)
Place of publication London
Name of publisher Yale University Press
Date of publication 2006
300 ## - COLLATION
Pagination vi, 249p.
650 ## - TRACINGS
Main Subject Economic assistance-Africa
942 ## - ADDED ENTRY ELEMENTS (KOHA)
Item type Books
050 ## - LIBRARY OF CONGRESS CALL NUMBER
Classification number HC800
Item number .C35
Holdings
Source of classification or shelving scheme Not for loan Permanent location Current location Date acquired Accession No. Full call number Barcode. Koha item type
Library of Congress Classification   Samuel Ogbemudia Main Library, University of Abuja Samuel Ogbemudia Main Library, University of Abuja 07/09/2025 2025/65170 HC800.C35 2025-2986 Books